AVATAR Trivia - Statistics

General Stats
  • This quiz has been taken 191 times
  • The average score is 12 of 15
Answer Stats
Hint Answer % Correct
Main character? Jake Sully
96%
What's the name of the indigenous people? Na'vi
96%
What is the name of the planet, Avatar takes place on? Pandora
96%
What weapon does the tree people mainly use? Bow and Arrow
93%
Female Na'vi that saves Jake, and later than marries him? Neytiri
87%
How many limbs does all the animals (except Humans and Na'vi's) have? 6
82%
What's the name of the tree peoples goddess? Eywa
82%
Jake successfully rides a leonopteryx, which makes him a ___ ___? Toruk Makto
79%
Who learned the indigenous people english? Grace
78%
Evil villain in Avatar? Miles Quaritch
76%
What does the indigenous people call humans? Skypeople
75%
What's the name of the flying creatures the indigenous flies on? Ikran
71%
What year was Avatar supposed to be released in? 1999
65%
Name of the the holy tree? Tree of Souls
49%
What natural ressources does the humans harvest on the Planet? Unobtanium
43%
No matching quizzes found
Score Distribution
Percent of People with Each Score
Percentile by Number Answered
Your Score History
You have not taken this quiz